01387cam a22003131 4500001001300000003000400013005001700017008004100034010001700075035001800092040003100110042001200141050002300153051001800176082001100194086001900205100003800224245010400262260016200366300003700528490005200565500001600617500007500633500004700708501021500755650003800970700004801008999001701056hew65000123 DLC20260227111514.0740118s1965 xx 000 0 eng  ahew65000123  a(OCoLC)778731 aDLCcOClUdISSdOCoLCdDLC apremarc00aL111b.A614 no. 47 aLB2825b.H295 a379.730 aFS 5.222:220221 aHarrison, Forrest William,d1923-10aProfiles in school support;ba decennial overview,cby Forrest W. Harrison [and] Eugene P. McLoone. a[Washington]bU.S. Dept. of Health, Education, and Welfare, Office of Education; [for sale by the Superintendent of Documents, U.S. Govt. Print. Off.,c1965] avi, 162 p.billus., maps.c20cm.0 aU. S. Ofice of Education. Miscellany,vno. 47 a"OE-22022." a"A publication of the Bureau of Educational Research and Development." aPresents data for the 1959-60 school year. aL111.A614 with: State education, structure and organization / Robert F. Will. Washington : U.S. Dept. of Health, Education, and Welfare, Office of Education, 1964. Bound together subsequent to publication.5DLC 0aEducationzUnited StatesxFinance1 aMcLoone, Eugene Peter,d1929-ejoint author c34563d34563